ARRUPE JESUIT UNIVERSITY

CORONAVIRUS -STOP THE SPREAD - CLEAN,DISINFECT,COVER

Silent warfare : (Record no. 131024)

MARC details
000 -LEADER
fixed length control field 01121cam a22003134a 4500
001 - CONTROL NUMBER
control field 12658850
003 - CONTROL NUMBER IDENTIFIER
control field ARRUPE
005 - DATE AND TIME OF LATEST TRANSACTION
control field 20211028103300.0
008 - FIXED-LENGTH DATA ELEMENTS--GENERAL INFORMATION
fixed length control field 020128s2002 dcu b 001 0 eng
010 ## - LIBRARY OF CONGRESS CONTROL NUMBER
LC control number 2002001312
020 ## - INTERNATIONAL STANDARD BOOK NUMBER
International Standard Book Number 1574883453 (pbk.)
040 ## - CATALOGING SOURCE
Original cataloging agency DLC
Transcribing agency DLC
Modifying agency DLC
042 ## - AUTHENTICATION CODE
Authentication code pcc
043 ## - GEOGRAPHIC AREA CODE
Geographic area code n-us---
050 00 - LIBRARY OF CONGRESS CALL NUMBER
Classification number JF1525.I6
Item number S49 2002
082 00 - DEWEY DECIMAL CLASSIFICATION NUMBER
Classification number 327.12
Edition number 21
300 ## - PHYSICAL DESCRIPTION
Dimensions 23 cm.
100 1# - MAIN ENTRY--PERSONAL NAME
Personal name Shulsky, Abram N.
9 (RLIN) 50779
245 10 - TITLE STATEMENT
Title Silent warfare :
Remainder of title understanding the world of intelligence /
Statement of responsibility, etc Abram N. Shulsky, Gary J. Schmitt.
250 ## - EDITION STATEMENT
Edition statement 3rd ed., rev.
260 ## - PUBLICATION, DISTRIBUTION, ETC. (IMPRINT)
Place of publication, distribution, etc Washington, D.C. :
Name of publisher, distributor, etc Brassey's, Inc.
Date of publication, distribution, etc c2002.
300 ## - PHYSICAL DESCRIPTION
Extent xiii, 247 p. ;
504 ## - BIBLIOGRAPHY, ETC. NOTE
Bibliography, etc Includes bibliographical references (p. 177-236) and index.
650 #0 - SUBJECT ADDED ENTRY--TOPICAL TERM
Topical term or geographic name as entry element Intelligence service.
9 (RLIN) 50780
650 #0 - SUBJECT ADDED ENTRY--TOPICAL TERM
Topical term or geographic name as entry element Intelligence service
Geographic subdivision United States.
9 (RLIN) 50781
700 1# - ADDED ENTRY--PERSONAL NAME
Personal name Schmitt, Gary James,
Dates associated with a name 1952-
9 (RLIN) 50782
906 ## - LOCAL DATA ELEMENT F, LDF (RLIN)
a 7
b cbc
c orignew
d 1
e ecip
f 20
g y-gencatlg
942 ## - ADDED ENTRY ELEMENTS (KOHA)
Source of classification or shelving scheme Library of Congress Classification
Koha item type Monograph ( Printed materials)
Holdings
Withdrawn status Lost status Source of classification or shelving scheme Damaged status Not for loan Collection code Home library Current library Shelving location Date acquired Total Checkouts Full call number Barcode Date last seen Price effective from Koha item type
    Library of Congress Classification     Main Collection ARRUPE LIBRARY ARRUPE LIBRARY Main Collection 28/10/2021   JF1525.I6 S49 2002 46600007002 28/10/2021 28/10/2021 Monograph ( Printed materials)

 

Arrupe Library. PO Box MP320 Mt Pleasant, Harare, Zimbabwe
263 242 745411|librarian@aju.ac.zw